000
00269nam a22001097a 4500
999
_c
166825
_d
166825
082
_a
_b
100
_a
subhash mukhopadhyay
245
_a
Agnigarbha/
_c
by subhash mukhopadhyay.
260
_a
New Delhi:
_b
Bharathiya Vidya Prakashan,
_c
1992.
650
_a
942
_c
BK